Central Library OPAC University of Rajshahi

A New World : (Record no. 15600)

MARC details
000 -LEADER
fixed length control field 00997cam a2200277 i 4500
001 - CONTROL NUMBER
control field 15600
003 - CONTROL NUMBER IDENTIFIER
rucl marc code BD-RjUL
005 - DATE AND TIME OF LATEST TRANSACTION
control field 20211208235843.0
008 - FIXED-LENGTH DATA ELEMENTS--GENERAL INFORMATION
fixed length control field 140210s1975 ilua b 000 0 eng
035 ## - SYSTEM CONTROL NUMBER
System control number (BD-RjUL)15655
040 ## - CATALOGING SOURCE
Original cataloging agency DLC
Transcribing agency DLC
Modifying agency BD-RjUL
Language of cataloging eng
041 ## - LANGUAGE CODE
Language code of text/sound track or separate title eng
082 00 - DEWEY DECIMAL CLASSIFICATION NUMBER
Classification number 350.1
Author mark and year NEW 1975
245 02 - TITLE STATEMENT
Title A New World :
Remainder of title readings on modern public personnel management /
Statement of responsibility, etc. Jay M. Shafritz.
260 ## - PUBLICATION, DISTRIBUTION, ETC. (IMPRINT)
Place of publication, distribution, etc. Chicago :
Name of publisher, distributor, etc. International Personnel Management Association,
Date of publication, distribution, etc. c1975.
300 ## - PHYSICAL DESCRIPTION
Pagination x, 293 p. :
Illustrations ill. ;
Size 26 cm.
500 ## - GENERAL NOTE
General note "Originally appeared in Public personnel management or its three predecessor journals: Public personnel review, Personnel administration, and PPR/PA."
504 ## - BIBLIOGRAPHY, ETC. NOTE
Bibliography, etc Includes bibliographical references.
650 #0 - SUBJECT ADDED ENTRY--TOPICAL TERM
Topical term or geographic name as entry element Personnel management.
9 (RLIN) 48425
Topical term or geographic name as entry element Civil service.
9 (RLIN) 48426
700 1# - ADDED ENTRY--PERSONAL NAME
Personal name Shafritz, Jay M.
942 ## - ADDED ENTRY ELEMENTS (KOHA)
Source of classification or shelving scheme Dewey Decimal Classification
Koha item type Books
Holdings
Lost status Source of classification or shelving scheme Damaged status Not for loan Collection code Permanent Location Current Location Shelving location Date acquired Source of acquisition Total Checkouts Full call number Date last seen Copy number Koha item type
  Dewey Decimal Classification   Not For Loan Non-fiction Central Library, University of Rajshahi Central Library, University of Rajshahi Reading Room 31/10/1992 Asia Foundation   350.1 NEW 1975 10/02/2014 C-1 Books